The drama review : TDR.
En el CIICLA está solamente el Volumen 13 Número 4 (T44), Verno 1969 -- Organization mediation / Darko Suvin -- Censorhip / George Papadopoulos -- Media freaking / Abbie Hoffman -- Dramaturgy of radical activity / Lee Braxandall -- Guerrilla theatre from the American playground / Marc Estrin -- Book...
Tallennettuna:
| Uusi nimeke: | TDR (1988) |
|---|---|
| Edellinen nimeke: | TDR |
| Yhteisötekijät: | , , |
| Aineistotyyppi: | Aikakauslehti |
| Kieli: | English |
| Julkaistu: |
[New York, N.Y. :
New York University, School of the Arts],
c1968-c1987.
|
| Aiheet: | |
| Tagit: |
Lisää tagi
Ei tageja, Lisää ensimmäinen tagi!
|
MARC
| LEADER | 00000cas a2200000 a 4500 | ||
|---|---|---|---|
| 001 | 11228833 | ||
| 005 | 20150505151505.0 | ||
| 007 | cr un| | ||
| 008 | 760620d19681987mauqr p 0 a0eng c | ||
| 022 | 0 | |a 0012-5962 |2 1 | |
| 040 | |a PPiU |b eng |c PPiU |d DLC |d CU-UC |d DLC |d NSDP |d DLC |d OCoLC |d NSDP |d DLC |d AIP |d NST |d AIP |d MnMULS |d DLC |d NST |d OCoLC |d NST |d InU |d NST |d N |d NST |d WaU |d MH |d NST |d MH |d NST |d NSDP |d NST |d NSDP |d NST |d OCoLC |d DLC |d InU |d OCoLC |d WaU |d CU-S |d MH |d OCoLC |d GU |d InU |d OCoLC |d NSDP |d WaU |d OCoLC |d MdU |d MiU |d MH |d CU-S |d NNU |d CaQQL |d PSt |d CaQMUQ |d CoDuF |d SiSiNL |d OCoLC |d TxCM |d DLC |d OCLCO |d DLC |d CRU CIICLA | ||
| 082 | 1 | 0 | |a 792 D |2 12 |
| 245 | 1 | 4 | |a The drama review : |b TDR. |
| 246 | 3 | 0 | |a TDR |
| 260 | |a [New York, N.Y. : |b New York University, School of the Arts], |c c1968-c1987. | ||
| 300 | |a 20 volúmenes: |b ilustraciones. | ||
| 310 | |a Trimestral | ||
| 362 | 0 | |a Vol. 12, no. 3 (spring 1968)-v. 31, no. 4 (winter 1987). | |
| 500 | |a Título de la cubierta. | ||
| 500 | |a Publicado: Cambridge, MA : MIT Press, 1981-1987. | ||
| 515 | |a Ejemplares juntos v. 13, no. 2 and v. 12, no. 2 (del título anterior) fechados en Invierno de 1968. | ||
| 515 | |a Ejemplares para primavera de 1968-invierno 1987 son llamados también: T39-T116. | ||
| 520 | |a En el CIICLA está solamente el Volumen 13 Número 4 (T44), Verno 1969 -- Organization mediation / Darko Suvin -- Censorhip / George Papadopoulos -- Media freaking / Abbie Hoffman -- Dramaturgy of radical activity / Lee Braxandall -- Guerrilla theatre from the American playground / Marc Estrin -- Booking the revolution / Saul Gottlieb, Oda Jurges -- Radicalism, secuality, performance / Richard Schechner -- Notes on Paris Street Theatre / Jean-Jaques Lebel -- Three street plays / Theatre de lÉpée de Bois -- Arrbal / The groupuscule of my heart -- A black ritual / Robert Macbeth -- Ceremony of US / Ann Halprin, James T. Burns -- Black revolutionary commercial / Ed Bullins -- Vietnam -- Speech for the theatre / Luigi Pirandello -- Tails / José Ruibal -- The greater sound / Ralph J. Geason -- Peking drama with contemporary themes / Daniel S.P. Yang -- Community dramas of John Arden / Simon Trussler. | ||
| 650 | 1 | 4 | |a TEATRO |v PUBLICACIONES PERIODICAS |x ASPECTOS POLITICOS |
| 650 | 1 | 4 | |a TEATRO Y SOCIEDAD |v PUBLICACIONES PERIODICAS |
| 650 | 1 | 4 | |a TEATRO EXPERIMENTAL |v PUBLICACIONES PERIODICAS |
| 710 | 2 | |a Tisch School of the Arts | |
| 710 | 2 | |a New York University. |b School of the Arts. | |
| 710 | 2 | |a M.I.T. Press. | |
| 780 | 0 | 0 | |t TDR |x 0273-4354 |w (DLC) 80649940 |w (OCoLC)4743856 |
| 785 | 0 | 0 | |t TDR (1988) |x 1054-2043 |w (DLC) 2002233101 |w (OCoLC)50670623 |
| 942 | |2 ddc |c BK | ||
| 999 | |c 4075 |d 4075 | ||
